|
|
|
|
| LEADER |
00000cam a2200000 7i4500 |
| 001 |
0000057570 |
| 005 |
20151230.0 |
| 008 |
151230 |
| 020 |
|
|
|a 1859740006
|
| 020 |
|
|
|a 9781859740002
|
| 090 |
0 |
0 |
|a 641.815
|b HAL
|
| 100 |
1 |
|
|a Hall's, Lynn Bedford
|
| 245 |
1 |
0 |
|a Biscuits & Breads
|c Lynn Bedford Hall's
|
| 260 |
|
|
|a London :
|b National ,
|c 1994
|
| 300 |
|
|
|a 79pg. :
|b col. ill.
|
| 500 |
|
|
|a Includes Index
|
| 650 |
|
0 |
|a Biscuits
|
| 650 |
|
0 |
|a Breads
|
| 999 |
|
|
|a 0000467512
|b Book
|c Adult Collection
|e Cawangan Bandar Penawar
|
| 999 |
|
|
|a 0000467517
|b Book
|c Adult Collection
|e Cawangan Bandar Penawar
|
| 999 |
|
|
|a 0000467519
|b Book
|c Adult Collection
|e Cawangan Muar
|
| 999 |
|
|
|a 0000467537
|b Book
|c Adult Collection
|e Cawangan Pontian
|